Postacie z League of Legends - Statystyki

Ogólne statystyki
  • Ten quiz został rozwiązany 165 razy
  • Średni wynik to 110 z 170
Statystyki odpowiedzi
% Poprawnych
Aatrox
88%
Ahri
88%
Mel
88%
Vi
88%
Yasuo
86%
Darius
84%
Garen
84%
Heimerdinger
83%
Teemo
83%
Yone
83%
Akali
82%
Ashe
82%
Jinx
82%
Warwick
82%
Braum
80%
Draven
80%
Amumu
79%
Annie
79%
Brand
79%
Lux
79%
Caitlyn
78%
Xerath
78%
Zed
78%
Blitzcrank
77%
Alistar
75%
Bard
75%
Ezreal
75%
Viktor
75%
Yuumi
75%
Anivia
74%
Lulu
74%
Miss Fortune
74%
Nautilus
74%
Fiora
73%
Morgana
73%
Urgot
73%
Aurelion Sol
72%
Ekko
72%
Gragas
72%
Irelia
72%
Jhin
72%
Aphelios
71%
Azir
71%
Dr. Mundo
71%
Fiddlesticks
71%
Jarvan IV
71%
Kai'Sa
71%
Katarina
71%
Malphite
71%
Tristana
71%
Zac
71%
Elise
69%
Renekton
69%
Cho'Gath
68%
Graves
68%
Illaoi
68%
Kalista
68%
Lissandra
68%
Lucian
68%
Master Yi
68%
Nasus
68%
Rakan
68%
Thresh
68%
Bel'Veth
67%
Gangplank
67%
Gnar
67%
Jayce
67%
Varus
67%
Veigar
67%
Ambessa
66%
Rengar
66%
Vel'Koz
66%
Viego
66%
Leona
65%
Rumble
65%
Senna
65%
Sylas
65%
Xayah
65%
Ziggs
65%
Zilean
65%
Zyra
65%
Akshan
64%
Mordekaiser
64%
Sion
64%
Soraka
64%
Evelynn
63%
Jax
63%
Kha'Zix
63%
Ornn
63%
Poppy
63%
Qiyana
63%
Rek'Sai
63%
Samira
63%
Volibear
63%
Galio
62%
Hecarim
62%
Naafiri
62%
Twisted Fate
62%
Camille
61%
Ivern
61%
Janna
61%
Kindred
61%
Maokai
61%
Vayne
61%
Vladimir
61%
Yorick
61%
Corki
60%
Diana
60%
Kassadin
60%
Kennen
60%
Kog'Maw
60%
LeBlanc
60%
Lee Sin
60%
Olaf
60%
Pantheon
60%
Singed
60%
Twitch
60%
Wukong
60%
Xin Zhao
60%
Neeko
59%
Quinn
59%
Zeri
59%
Fizz
58%
Karthus
58%
Kayle
58%
Nami
58%
Pyke
58%
Syndra
58%
Tryndamere
58%
Orianna
57%
Shaco
57%
Shen
57%
Sivir
57%
Sona
57%
Swain
57%
Nidalee
56%
Sejuani
56%
Seraphine
56%
Sett
56%
Trundle
56%
Kayn
55%
Lillia
55%
Malzahar
55%
Rammus
55%
Shyvana
55%
Talon
55%
Aurora
54%
Briar
54%
Taliyah
54%
Udyr
54%
Kled
53%
K'Sante
53%
Nocturne
53%
Riven
52%
Taric
52%
Cassiopeia
51%
Karma
51%
Ryze
51%
Tahm Kench
51%
Zoe
48%
Gwen
47%
Rell
47%
Nunu & Willump
46%
Vex
46%
Smolder
45%
Milio
44%
Nilah
44%
Skarner
40%
Hwei
38%
Renata Glasc
36%
Nie znaleziono quizów pasujących do podanych kryteriów
Rozkład punktacji
Procent ludzi z każdym wynikiem
Percentyl według liczby udzielonych odpowiedzi
Twoja historia wyników
Nie rozwiązałeś tego quizu